000 00327nam a22001337a 4500
008 170215b xxu||||| |||| 00| 0 eng d
020 _a9780781745901
041 _aeng
080 _27TH
_a61
100 _a4
101 _aSHM
245 _aACSM'S GUIDELINES FOR EXERCISE TESTING AND PRESCRIPTION
_cWHALEY, M.H
942 _2udc
_cBK
999 _c5605
_d5605